| 000 | 00814nam a22002297a 4500 | ||
|---|---|---|---|
| 999 |
_c15122 _d15122 |
||
| 003 | AR-CdUCM | ||
| 008 | 190401b ||||| |||| 00| 0 spa d | ||
| 020 | _a978-607-618-483-7 | ||
| 040 |
_aMUNICIPALIDAD PROVINCIAL DEL CUSCO _cBIBLIOTECA MUNICIPAL DEL CUSCO |
||
| 082 |
_aPI / 803 / _bAD26 |
||
| 110 |
_aAdvanced marketing, _933595 |
||
| 245 | _a¿Quien le pone el cascabel al gato / | ||
| 260 |
_aMéxico : _bAdvanced marketing, _c2015. |
||
| 300 |
_a16 páginas ; _bIlustraciones _c24 cm. |
||
| 440 |
_aColección fabulas de Esopo _934144 |
||
| 500 | _atitulo original : Who will be the cat | ||
| 650 |
_aFabulas para niños (as) _934145 |
||
| 650 |
_aFabula del gato y ratón _934146 |
||
| 700 |
_aAlanis Tamez, Francisco Javier (Traducción) _934147 |
||
| 942 |
_2ddc _cLIBROS |
||
| 945 |
_awnts _d2019-04-25 |
||